| 000 | 00981cam a22003135a 4500 | ||
|---|---|---|---|
| 001 | 017692122 | ||
| 003 | OSt | ||
| 005 | 20161207131409.0 | ||
| 008 | 151215t2016 nyua frb 001 0 eng d | ||
| 020 | _a9780071829595 | ||
| 020 | _a0071829598 | ||
| 040 |
_aStDuBDS _beng _cStDuBDS _dEG-ScBUE |
||
| 082 | 0 | 4 |
_222 _a697.00151 _bBEL |
| 100 | 1 | _aBell, Arthur A. | |
| 245 | 1 | 0 |
_aHVAC equations, data, and rules of thumb / _cArthur A. Bell, W. Larsen Angel. |
| 250 | _a3rd ed. | ||
| 260 |
_aNew York : _bMcGraw Hill Education, _cc.2016. |
||
| 300 |
_axix, 636 p. : _bill. ; _c24 cm. |
||
| 500 | _aIndex : p. 627-636. | ||
| 504 | _aIncludes bibliographical references. | ||
| 650 | 7 |
_aHeating _xMathematics. _2BUEsh |
|
| 650 | 7 |
_aVentilation _xMathematics. _2BUEsh |
|
| 650 | 7 |
_aAir conditioning _xMathematics. _2BUEsh |
|
| 650 | 7 |
_aEngineering mathematics. _2BUEsh _93194 |
|
| 651 | _2BUEsh | ||
| 653 |
_bENGGEN _cDecember2016 |
||
| 700 | 1 |
_aAngel, W. Larsen. _940712 |
|
| 942 | _2ddc | ||
| 999 |
_c23501 _d23473 |
||